书目信息 |
| 题名: |
中外电影艺术发展简史
|
|
| 作者: | 陈祖继 , 朱善智 , 刘彤 编著 | |
| 分册: | ||
| 出版信息: | 南京 南京大学出版社 2019.8 |
|
| 页数: | 171页 | |
| 开本: | 26cm | |
| 丛书名: | ||
| 单 册: | ||
| 中图分类: | J909.1 | |
| 科图分类: | ||
| 主题词: | 电影史--世界--高等学校--教材 | |
| 电子资源: | ||
| ISBN: | 978-7-305-13747-1 | |
| 000 | 01302nam0 2200313 45 | |
| 001 | 489843 | |
| 005 | 20140818181502.0 | |
| 010 | @a978-7-305-13747-1@dCNY55.00 | |
| 099 | @aCAL 012016036729 | |
| 100 | @a20150918d2014 em y0chiy0110 ea | |
| 101 | 0 | @achi |
| 102 | @aCN@b320000 | |
| 105 | @aa a 000yy | |
| 106 | @ar | |
| 200 | 1 | @a中外电影艺术发展简史@Azhong wai dian ying yi shu fa zhan jian shi@f编著陈祖继, 朱善智, 刘彤 |
| 210 | @a南京@c南京大学出版社@d2019.8 | |
| 215 | @a171页@c图 (部分彩图)@d26cm | |
| 300 | @a高等院校传媒与影视艺术类专业精品规划教材 四川省卓越新闻传播人才教育培养计划项目 四川省2013-2016年高等教育人才培养质量和教学改革项目成果 | |
| 312 | @a英文并列题名取自封面 | |
| 320 | @a有书目 | |
| 330 | @a本书采用编年史形式叙述中外电影艺术的发展历程,全书主要包括中国电影史、世界电影史两部分,中国电影史主要介绍了中国电影在各个历史时期的发展状况,世界电影史亚洲电影史、欧洲电影史和美洲电影史。书中增加了有关数字电影和微电影的章节。 | |
| 510 | 1 | @aBrief history of Chinese and foreign film art development@zeng |
| 606 | 0 | @a电影史@y世界@x高等学校@j教材 |
| 690 | @aJ909.1@v5 | |
| 701 | 0 | @a陈祖继@Achen zu ji@4编著 |
| 701 | 0 | @a朱善智@Azhu shan zhi@4编著 |
| 701 | 0 | @a刘彤@Aliu tong@4编著 |
| 801 | @aCN@b江苏凤凰@c20211018 | |
| 905 | @b1356596-9@dJ909.1@e405@f4 | |
| 中外电影艺术发展简史/编著陈祖继, 朱善智, 刘彤.-南京:南京大学出版社,2019.8 |
| 171页:图 (部分彩图);26cm |
| 高等院校传媒与影视艺术类专业精品规划教材 四川省卓越新闻传播人才教育培养计划项目 四川省2013-2016年高等教育人才培养质量和教学改革项目成果 |
| ISBN 978-7-305-13747-1:CNY55.00 |
| 本书采用编年史形式叙述中外电影艺术的发展历程,全书主要包括中国电影史、世界电影史两部分,中国电影史主要介绍了中国电影在各个历史时期的发展状况,世界电影史亚洲电影史、欧洲电影史和美洲电影史。书中增加了有关数字电影和微电影的章节。 |
| ● |
| 相关链接 |
|
|
|
|
正题名:中外电影艺术发展简史
索取号:J909.1/405
 
预约/预借
| 序号 | 登录号 | 条形码 | 馆藏地/架位号 | 状态 | 备注 |
| 1 | 1356596 | 213565961 | 第一样本阅览室/ [索取号:J909.1/405] | 在馆 | |
| 2 | 1356597 | 213565970 | 第一借阅区/ [索取号:J909.1/405] | 在馆 | |
| 3 | 1356598 | 213565989 | 第一借阅区/ [索取号:J909.1/405] | 在馆 | |
| 4 | 1356599 | 213565998 | 第一借阅区/ [索取号:J909.1/405] | 在馆 |